| 000 | 01120nam a2200229Ia 4500 | ||
|---|---|---|---|
| 999 |
_c52507 _d52507 |
||
| 001 | 19530 | ||
| 003 | GE_BSU | ||
| 005 | 20200224110756.0 | ||
| 008 | 181216s1963||||ge |||||||||||||| ||geo|| | ||
| 040 | _cGE_BSU | ||
| 041 | _ageo | ||
| 080 | _a811.353.1'36(075.3) ბ-17 | ||
| 100 |
_aბათიაშვილი, ბ. _97364 |
||
| 245 |
_aქართული ენის გრამატიკის სასკოლო სახელმძღვანელოთა (1921-1961 წწ.) აგების ძირითადი პრინციპები / _cბ. ბათიაშვილი ; რედ. მ. ჩინჩალაძე. |
||
| 264 |
_aთბილისი : _bცოდნა, _c1963 |
||
| 300 |
_a146 გვ. : _bცხრილ. ; _c20 სმ. |
||
| 541 | _h46თ. | ||
| 653 | _aქართული ენა | ||
| 653 | _aქართული ენის გრამატიკის სასკოლო სახელმძღვანელოები | ||
| 700 |
_aჩინჩალაძე, მ. _eრედაქტორი _97311 |
||
| 942 |
_cBK _2udc |
||